| 000 | 01269nam a2200337 a 4500 | ||
|---|---|---|---|
| 001 | 000111806 | ||
| 003 | CHAP | ||
| 005 | 20220329144229.0 | ||
| 008 | 150817s2015 mx a fsm |||||||spa d | ||
| 010 | _a108267 | ||
| 011 | _a109239 | ||
| 040 | _cCHAP | ||
| 090 | _aTesis | ||
| 100 | 1 |
_aSerrano Ramírez, Elizabeth _9129762 |
|
| 245 | 1 | 0 |
_aAnálisis de la conectividad para bosques templado en tres áreas naturales protegidas del eje neovolcánico transversal _h[En línea] _cpor Elizabeth Serrano Ramírez. |
| 260 |
_aChapingo, Méx. : _bEl autor, _c2015. |
||
| 500 | _aPara ver el contenido del material haga clic en la liga | ||
| 502 | _aTesis (Ing. en Restauración Forestal) -- UACH. División de Ciencias Forestales | ||
| 590 |
_aE5995AHE _b05 _c20150817 _lUCH01 _h1359 |
||
| 590 |
_aE5995AHE _b05 _c20150817 _lUCH01 _h1400 |
||
| 590 |
_aE5995AHE _b05 _c20150817 _lUCH01 _h1417 |
||
| 590 |
_aE5995AHE _b05 _c20150817 _lUCH01 _h1424 |
||
| 650 | 1 | 4 |
_aÁreas protegidas _zMéxico (Edo.). _96878 |
| 650 | 1 | 4 |
_aBosques _xRegiones templadas. _914380 |
| 650 | 1 | 4 |
_aBosques _xUtilización. _914405 |
| 650 | 1 | 4 |
_aEcología forestal. _935176 |
| 856 |
_aFinding aid _uhttp://10.13.5.2/tesis/sist111806.pdf _zTeclea aquí |
||
| 901 | _aBK | ||
| 942 | _cTESIS | ||
| 942 | _n0 | ||
| 999 |
_c108267 _d108267 |
||